000 00891nam a2200217 i 4500
001 54445
003 ES-MaACL
005 20250728030930.0
007 t|
008 031215s1912 fr ||||1| fre d
100 1 _aFontenay, Guillaume de.
_951639
245 1 3 _aLa photographie et l'étude des phénomènes psychiques
_b: abrégé de trois conférences données par l'auteur áa la Société Universelle d'Etudes Psychiques, en 1910 et 1911 /
_cGuillaume de Fontenay ; préface de M. d'Arsonval.
260 _aParis :
_bGauthier-Villars,
_c1912.
300 _aXIV, 110 p., XVI h. de fot. ;
_c19 cm.
650 4 _aParapsicología-
_xAparatos e instrumentos.
_915828
650 1 7 _aFotografía
_2embne
_912943
700 1 _aArsonval, Arsène d'.
_923409
710 2 _aSociété Universelle d'Etudes Psychiques.
_96867
852 _aES-MaACL
_jT-1355-F-2
999 _c54445
_d54445